000 01132cam a2200289 i 4500
001 20368075
005 20180301042210.0
008 180223t20172017mnu b 001 0 eng c
010 _a 2017298377
020 _a9781683288817 (hbk)
020 _a1683288815 (hbk)
035 _a(OCoLC)ocn979558898
040 _aBTCTA
_beng
_cBTCTA
_erda
_dBDX
_dYDX
_dUPM
_dGWL
_dONS
_dRCJ
_dGUB
_dOCLCF
_dIOD
_dOCLCQ
_dUCX
_dOCLCO
_dDLC
041 _aeng
042 _apcc
043 _an-us---
080 _a34 laf
082 _234 laf
100 1 _a14
101 _ajur
245 1 0 _aCriminal law /
_cWayne R. LaFave (David C. Baum Professor of Law Emeritus and Center for Advanced Study Professor Emeritus, University of Illinois).
504 _aIncludes bibliographical references and index.
775 0 8 _iRevision of:
_aLaFave, Wayne R.
_tCriminal law.
_bFifth edition, student edition.
_dSt. Paul, MN : West, a Thomson Reuters business, [2010]
_z9780314912688
_w(DLC) 2010287710
_w(OCoLC)555680262
906 _a7
_bcbc
_cpccadap
_d2
_encip
_f20
_gy-gencatlg
942 _2ddc
_cBK
999 _c43786
_d43786